Empirical Bayes methods for telecommunications forecasting.

Uplatnenie Bayesových metód na predpovede aktivity obvodov v telekomunikačnej sieti. Metódy sú aplikovateľné v mechanizovanom prognostickom systéme.

Salvato in:
Dettagli Bibliografici
Autore principale: Greis, N.P
Altri autori: Gilstein, C.Z
Natura: Capitolo di libro
Lingua:inglese
Soggetti:
Tags: Aggiungi Tag
Nessun Tag, puoi essere il primo ad aggiungerne!!

MARC

LEADER 00000naa a2200000 4500
001 r006179
005 20221130103358.1
041 0 |a eng 
044 |a NL 
245 1 0 |a Empirical Bayes methods for telecommunications forecasting.  |c N.P. Greis, C.Z. Gilstein 
520 |a Uplatnenie Bayesových metód na predpovede aktivity obvodov v telekomunikačnej sieti. Metódy sú aplikovateľné v mechanizovanom prognostickom systéme. 
610 2 0 |a rady časové 
610 2 0 |a modely prognostické 
610 2 0 |a metódy štatistické 
610 2 0 |a predvídanie 
610 2 0 |a telekomunikácie 
610 2 0 |a mechanizácia 
610 2 0 |a metódy prognostické 
100 1 |a Greis, N.P. 
700 1 |a Gilstein, C.Z.